1180 1093 1284 1517 1076 1594 1643 1759 1759 1347 1943 1932 1473 1096 1104 1046 1927 1154 1838 1580 1958 1856 1191 1661 1065 1664 1768 1538 1345 1891 1243 1735 1076 1379 1561 1829 1133 1119 1299 1276 1788 1373 1535 1796 1546 1330 1622 1959 1955 1613 1297 1033 1125 1756 1932 1789 1972 1275 1072 1388 1757 1408 1784 1077 1704 1252 1131 1430 1438 1681 1217 1089 1631 1697 1435 1322 1803 1570 1095 1323 1337 1799 1862 1726 1415 1669 1876 1823 1121 1209 1603 1748 1261 1992 1966 1155 1891 1772 1183 BCNSPRNW ULIB Ver.6.0+V

เปลี่ยนเป็นภาษาไทย

Change to English
 แสดงรายละเอียดบรรณานุกรม
  กลับหน้าหลัก

Brief Record : Get Marc (ISO 2709) : E-mail record : QR code < ปิดหน้าต่าง
LEADER : 00000nam 2200000uu 4500
001    13399110999
003     ULIB
008    110614s||||||||th 000 0 tha d
020    9789747246094(ล.4)
050 04 AC159^bภ375ค ล.4 2550
100 0  ภัทราพร สังข์พวงทอง
245 10 ความรู้นอกกะลา 4 (พลังงาน) /^cภัทราพร สังข์พวงทอง
250    พิมพ์ครั้งที่ 1
260    กรุงเทพฯ :^bพิมพ์บูรพา,^c2550
300    [126] หน้า :^bภาพประกอบ
650  7 ความรู้ทั่วไป
650  7 ทรัพยากรณ์ธรรมชาติ
650  7 พลังงาน
650  7 น้ำมัน
945    ^p200^l0^i022959
995    ทศพร
999 ^a ใช้งานได้ทุกระบบ
รายการนี้ยังไม่มีแท็ก
คุณยังไม่ได้ล็อกอิน คุณสามารถมีกิจกรรมร่วมกับเว็บไซต์ได้ แต่ต้องล็อกอินก่อน ::
  ล็อกอิน

รายการสื่อสารสนเทศ

ลำดับที่ ประเภท เลขเรียก/บาร์โค้ด สถานที่ สถานะ
- ไม่พบข้อมูล -

รายการใกล้เคียง
    ผู้แต่ง [ภัทราพร สังข์พวงทอง]

    หัวเรื่อง [ความรู้ทั่วไป]
    หัวเรื่อง [ทรัพยากรณ์ธรรมชาติ]
    หัวเรื่อง [พลังงาน]
    หัวเรื่อง [น้ำมัน]

BibComment


ยังไม่เคยถูกคอมเมนท์

คอมเมนท์ทรัพยากรรายการนี้
  คอมเมนท์: ความรู้นอกกะลา 4 ..


 Copyright 2026. Bcnsprnw @Library